000 00505nam a22001337a 4500
005 20241212105734.0
008 240924b ||||| |||| 00| 0 eng d
100 _aPimentel, Genevieve O.
_eauthor.
_961562
245 _aGarbage area turned gulayan sa paaralan /
_cGenevieve O. Pimentel.
260 _aPhilippines;
_bPublishers Association of the Philippines, Inc.,
_cJuly 2018.
300 _aVolume 66, pages 60-62,
_billustration.
700 _aPimentel, Genevieve O.
_eauthor.
_961562
942 _2ddc
_cPER
999 _c21827
_d21827